| 000 | 01070nam a2200301 a 4500 | ||
|---|---|---|---|
| 001 | 000006367 | ||
| 003 | DO-SdBNP | ||
| 005 | 20180222134403.0 | ||
| 007 | 000006367 | ||
| 008 | 090828s2004 dr a 000 0 spa d | ||
| 040 |
_aBPMSU _bspa _cBPMSU |
||
| 092 |
_a398.2097293 _bH557k |
||
| 100 | 1 | _aHernández Soto, Carlos | |
| 245 | 1 | 0 |
_a¡Kalunga eh! : _blos congos de Villa Mella / _cCarlos Hernández Soto. |
| 260 |
_aSanto Domingo, : _bLetra Gráfica, _c2004. |
||
| 300 |
_a142 p. : _bil. ; _c22 cm. |
||
| 500 | _aIncluye datos biográficos del autor en las solapas | ||
| 500 | _aIncluye notas al pie de las páginas | ||
| 504 | _aIncluye bibliografía al final de los caíputos | ||
| 504 | _aIncluye referencias bibliográficas y notas al pie de las páginas | ||
| 650 | 4 | _aCULTOS AFRO-AMERICANO | |
| 650 | 4 |
_aNEGROS _zREPÚBLICA DOMINICANA, VILLA MELLA _xRELIGIÓN |
|
| 910 | _aValidado. Control de calidad MFF | ||
| 930 | 1 |
_l _m _8 _f _p _g |
|
| 942 |
_2ddc _cBK |
||
| 945 | _aTítulo remanenado / 2017 VM | ||
| 956 |
_aVMATEO _b10 _c20150507 _lBPMSU _h00151 |
||
| 999 |
_c7807 _d7807 |
||